01188nam a22001817a 4500003000400000020001800004082001400022100002100036245002000057250000900077260002900086300000900115650001300124653068300137942001300820952015800833999001500991SGT a9789332519091 a515.3,THO aTHOMAS,GEORGE B. aTHOMAS CALCULUS a12TH aNEW DELHIbPEARSONc2015 a1109 aANALYSIS aCHAPTER 1: FUNCTIONS CHAPTER 2: LIMITS AND CONTINUITY CHAPTER 3: DIFFERENTIATION CHAPTER 4: APPLICATIONS OF DERIVATIVES CHAPTER 5: INTEGRATION CHAPTER 6: APPLICATIONS OF DEFINITE INTEGRALS CHAPTER 7: TRANSCENDENTAL FUNCTIONS CHAPTER 8: TECHNIQUES OF INTEGRATION CHAPTER 9: FIRST-ORDER DIFFERENTIAL EQUATIONS CHAPTER 10: INFINITE SEQUENCES AND SERIES CHAPTER 11: PARAMETRIC EQUATIONS AND POLAR COORDINATES CHAPTER 12: VECTORS AND THE GEOMETRY OF SPACE CHAPTER 13: VECTOR-VALUED FUNCTIONS AND MOTION IN SPACE CHAPTER 14: PARTIAL DERIVATIVES CHAPTER 15: MULTIPLE INTEGRALS CHAPTER 16: INTEGRATION IN VECTOR FIELDS CHAPTER 17: SECOND-ORDER DIFFERENTIAL EQUATIONS 2ddccFPS 00102ddc40718FSaSSSLbSSSLcREFd2016-07-05eAHUJA BOOKSg799.00iSGTUl1o515.3,THOpPS1902r2019-02-08 00:00:00s2019-02-08w2016-04-21yFPSk6884 c9491d9491